Защита от замыканий на землю в обмотке статора генераторов на электростанциях ОЭС Сибири; Электрические станции; № 12

Detalles Bibliográficos
Parent link:Электрические станции.— , 1930-
№ 12.— 2009.— С. 26-30
Outros autores: Вайнштейн Р. А. Роберт Александрович, Лапин В. И., Наумов А. М., Доронин А. В. Александр Викторович, Юдин С. М. Святослав Михайлович
Summary:Анализируется опыт эксплуатации защиты от замыкания на землю в обмотках статора генератора на электростанциях ОЭС Сибири, выполненной с наложением постоянного контрольного тока либо тока с частотой 25 Гц. Для первого типа защит актуальным оказалось гальваническое разделение первичных и вторичных цепей. Защита второго типа успешно себя зарекомендовала на гидрогенераторах с нейтралью, заземленной через дугогасящий реактор, а также на генераторах, работающих на сборные шины в сети с компенсированной нейтралью. Рассматриваются эффективность функционирования фильтров тока нулевой последовательности на фазные ТТ, а также выполнение защиты на специальном ТТ нулевой последовательности типа ТНПУ-3
Idioma:ruso
Publicado: 2009
Subjects:
Formato: Capítulo de libro
KOHA link:https://koha.lib.tpu.ru/cgi-bin/koha/opac-detail.pl?biblionumber=534303

MARC

LEADER 00000naa2a2200000 4500
001 534303
005 20231227144028.0
035 |a (RuTPU)RU\TPU\prd\222616 
035 |a RU\TPU\prd\222413 
090 |a 534303 
100 |a 20140916a2009 k y0rusy50 ca 
101 0 |a rus 
102 |a RU 
200 1 |a Защита от замыканий на землю в обмотке статора генераторов на электростанциях ОЭС Сибири  |f Р. А. Вайнштейн [и др.] 
320 |a Библиогр.: 18 назв. 
330 |a Анализируется опыт эксплуатации защиты от замыкания на землю в обмотках статора генератора на электростанциях ОЭС Сибири, выполненной с наложением постоянного контрольного тока либо тока с частотой 25 Гц. Для первого типа защит актуальным оказалось гальваническое разделение первичных и вторичных цепей. Защита второго типа успешно себя зарекомендовала на гидрогенераторах с нейтралью, заземленной через дугогасящий реактор, а также на генераторах, работающих на сборные шины в сети с компенсированной нейтралью. Рассматриваются эффективность функционирования фильтров тока нулевой последовательности на фазные ТТ, а также выполнение защиты на специальном ТТ нулевой последовательности типа ТНПУ-3 
461 1 |0 (RuTPU)RU\TPU\prd\446  |t Электрические станции  |d 1930- 
463 1 |0 (RuTPU)RU\TPU\prd\125452  |t № 12  |v С. 26-30  |d 2009 
610 1 |a труды учёных ТПУ 
701 1 |a Вайнштейн  |b Р. А.  |c специалист в области электроэнергетики  |c профессор Томского политехнического университета, доктор технических наук  |f 1937-  |g Роберт Александрович  |3 (RuTPU)RU\TPU\pers\26489  |9 12191 
701 1 |a Лапин  |b В. И. 
701 1 |a Наумов  |b А. М. 
701 1 |a Доронин  |b А. В.  |c специалист в области электроэнергетики  |c старший преподаватель Томского политехнического университета  |g Александр Викторович  |3 (RuTPU)RU\TPU\pers\31656 
701 1 |a Юдин  |b С. М.  |c специалист в области электротехники  |c доцент Томского политехнического университета, кандидат технических наук  |f 1949-  |g Святослав Михайлович  |3 (RuTPU)RU\TPU\pers\29520  |9 14059 
801 1 |a RU  |b 63413507  |c 20120530 
801 2 |a RU  |b 63413507  |c 20140916  |g RCR 
942 |c BK